Statistics for Jonathan's General Knowledge #2

Click here to take the quiz!

General Stats

  • This quiz has been taken 566 times
  • The average score is 6 of 20

Answer Stats

#HintAnswer% Correct
5Which then 17 year old Brazilian scored twice in the 1958 World Cup final?Pelé
79%
9What is the largest living species of bird?Ostrich
77%
16Who played the role of Indiana Jones' estranged father in 'the Last Crusade'?Sean Connery
58%
13According to the nursery rhyme, how many men did the Grand Old Duke Of York have?Ten thousand
55%
18Which country has the world's only non-quadrilateral national flag?Nepal
50%
7Puget Sound is on the coast of which U.S. state?Washington
45%
10What is 11 cubed?1331
43%
12The Ducks are a National Hockey League team from which California city?Anaheim
39%
2Who was the final wife of King Henry VIII?Catherine Parr
39%
6'Meow' and 'Boom' are examples of what type of word?Onomatopoeia
30%
15'Kia ora' is a greeting in which language?Maori
23%
20The Baa Baa's is the nickname of which famous rugby team?Barbarians
18%
8The Stray Cats were 80s revivalists of which genre of music?Rockabilly
18%
19Cheddar cheese originated in a village in which English county?Somerset
18%
1'Coulrophobia' means a fear of what?Clowns
17%
3What is the largest city in the Amazon rainforest?Manaus
15%
17"Felina" was the name of the final episode of which television series?Breaking Bad
13%
11In which famous 1777 battle did John Burgoyne surrender to American forces?Battle Of Saratoga
7%
4Who is Ellas Otha Bates better known as?Bo Diddley
2%
14The Westman Islands lie off the south coast of which country?Iceland
2%

Score Distribution

Percentile by Number Answered

Percent of People with Each Score

Your Score History

You have not taken this quiz